Afrique noire, histoire et civilisations / (Record no. 12766)

000 -LEADER
fixed length control field 00420cam a2200157 a 4500
020 ## - INTERNATIONAL STANDARD BOOK NUMBER
ISBN 2218038811
020 ## - INTERNATIONAL STANDARD BOOK NUMBER
ISBN 2218051249
040 ## - CATALOGING SOURCE
Transcribing agency DLC
082 ## - DEWEY DECIMAL CLASSIFICATION NUMBER
Classification number 501 AUP 1992 A028 Or.
100 1# - MAIN ENTRY--AUTHOR NAME
Personal name M'Bokolo, Elikia
245 10 - TITLE STATEMENT
Title Afrique noire, histoire et civilisations /
260 ## - PUBLICATION, DISTRIBUTION, ETC. (IMPRINT)
Place of publication Paris :
Name of publisher Hatier :
-- AUPELF-UREF,
Year of publication c1992-c1995
300 ## - PHYSICAL DESCRIPTION
Number of Pages 2 v. :
Other physical details ill., maps ;
Dimensions 26 cm
700 1# - ADDED ENTRY--PERSONAL NAME
Personal name Le Callennec, Sophie
942 ## - ADDED ENTRY ELEMENTS (KOHA)
Koha item type សៀវភៅភាសាអង់គ្លេស
952 ## - LOCATION AND ITEM INFORMATION (KOHA)
Withdrawn status [LOCAL, KOHA] 0
952 ## - LOCATION AND ITEM INFORMATION (KOHA)
Withdrawn status [LOCAL, KOHA] 0
952 ## - LOCATION AND ITEM INFORMATION (KOHA)
Withdrawn status [LOCAL, KOHA] 0
952 ## - LOCATION AND ITEM INFORMATION (KOHA)
Withdrawn status [LOCAL, KOHA] 0
952 ## - LOCATION AND ITEM INFORMATION (KOHA)
Withdrawn status [LOCAL, KOHA] 0
952 ## - LOCATION AND ITEM INFORMATION (KOHA)
Withdrawn status [LOCAL, KOHA] 0
952 ## - LOCATION AND ITEM INFORMATION (KOHA)
Withdrawn status [LOCAL, KOHA] 0
952 ## - LOCATION AND ITEM INFORMATION (KOHA)
Withdrawn status [LOCAL, KOHA] 0
952 ## - LOCATION AND ITEM INFORMATION (KOHA)
Withdrawn status [LOCAL, KOHA] 0
Holdings
Permanent Location Date acquired Koha item type Lost status Shelving location Barcode Current Location Full call number
Library Block A2017-08-16សៀវភៅភាសាអង់គ្លេស A028A18410Library Block A501 AUP 1992 A028 Or.
Library Block A2017-08-16សៀវភៅភាសាអង់គ្លេស A028A15960Library Block A501 AUP 1992 A028 Or.
Library Block A2017-08-16សៀវភៅភាសាអង់គ្លេស A028A17481Library Block A501 AUP 1992 A028 Or.
Library Block A2017-08-28សៀវភៅភាសាអង់គ្លេស A025A20406Library Block A501 AUP 1992 A025 Or.
Library Block A2017-08-28សៀវភៅភាសាអង់គ្លេស A025A20321Library Block A501 AUP 1992 A025 Or.
Library Block A2017-08-28សៀវភៅភាសាអង់គ្លេស A025A20396Library Block A501 AUP 1992 A025 Or.
Library Block A2017-08-28សៀវភៅភាសាអង់គ្លេស A025A20135Library Block A501 AUP 1992 A025 Or.
Library Block A2017-08-28សៀវភៅភាសាអង់គ្លេស A050A17593Library Block A631 AUP 1992 A050 Or.
Library Block A2017-10-17សៀវភៅភាសាអង់គ្លេស A058A07420Library Block A501 AUP 1992 A058 Or.
មជ្ឈមណ្ឌលឯការនៃសាកលវិទ្យាល័យភូមិន្ទកសិកម្មចំការដូង

Powered by Koha